[Event "op"]
[Site "Oberwart"]
[Date "1997.07.05"]
[Round "1"]
[White "Hopfgartner, Heinz"]
[Black "Loginov, Valery"]
[Result "0-1"]
[WhiteElo "1897"]
[BlackElo "2555"]
[PlyCount "52"]
[EventDate "1997.07.05"]

1. c4 Nf6 2. Nc3 e5 3. g3 d6 4. Bg2 g6 5. Nf3 Bg7 6. O-O O-O 7. d4 Nbd7 8. b3
c6 9. Qc2 Re8 10. dxe5 dxe5 11. e4 Nc5 12. Bb2 a5 13. Rad1 Qb6 14. Ba3 Bg4 15.
Rd6 Bxf3 16. Bxf3 Ne6 17. Nd5 Nxd5 18. exd5 Nd4 19. Qd1 Qc7 20. dxc6 bxc6 21.
Rxd4 exd4 22. c5 h5 23. h4 Rad8 24. Qd3 Re3 {} 25. Qd1 Rc3 26. Bg2 d3 0-1

[Event "op"]
[Site "Oberwart"]
[Date "1997.07.05"]
[Round "1"]
[White "Cvitan, Ognjen"]
[Black "Somogyi, Juergen"]
[Result "1-0"]
[WhiteElo "2550"]
[BlackElo "1894"]
[PlyCount "41"]
[EventDate "1997.07.05"]

1. d4 f5 2. g3 Nf6 3. Bg2 e6 4. Nf3 Be7 5. O-O O-O 6. c4 c6 7. b3 d5 8. Ba3 Bd7
9. Qc1 Be8 10. Bxe7 Qxe7 11. Qa3 Qc7 12. Nc3 Nbd7 13. Rac1 Ne4 14. Nxe4 fxe4
15. Ng5 Rf6 16. f3 exf3 17. Rxf3 Bf7 18. e4 Rxf3 19. Bxf3 dxe4 20. Qe7 Rf8 21.
Bxe4 {} 1-0

[Event "op"]
[Site "Oberwart"]
[Date "1997.07.05"]
[Round "1"]
[White "Sandhoefner, Florian"]
[Black "Kobalija, Mihail"]
[Result "0-1"]
[WhiteElo "1890"]
[BlackElo "2545"]
[PlyCount "154"]
[EventDate "1997.07.05"]

1. e4 c5 2. Nf3 e6 3. d4 cxd4 4. Nxd4 Nc6 5. Be3 Nf6 6. Nc3 Qc7 7. Be2 a6 8.
O-O Bb4 9. f3 O-O 10. Qe1 Nxd4 11. Bxd4 e5 12. Be3 d5 13. Bd2 Bxc3 14. Bxc3
dxe4 15. Qg3 Re8 16. f4 Nd7 17. Bh5 Nf6 18. Be2 Qb6+ 19. Kh1 Nd5 20. Bxe5 Qg6
21. Qxg6 hxg6 22. c3 Be6 23. Bd4 Ne7 24. g4 Rac8 25. Kg2 f6 26. h4 Kf7 27. Kg3
Red8 28. Rf2 Rd5 29. a3 Rdd8 30. Rh1 Bb3 31. h5 gxh5 32. Rxh5 Nc6 33. Be3 b5
34. g5 f5 35. Rg2 Bd1 36. Kf2 Kg6 37. Rgh2 Bxe2 38. Kxe2 Rd3 39. Rh7 Rdd8 40.
Rh1 Rd3 41. R1h2 a5 42. Rh8 Rdd8 43. Rxd8 Rxd8 44. Rh1 a4 45. Rc1 Na5 46. Bb6
Nb3 47. Rc2 Rh8 48. c4 Rh2+ 49. Kd1 Rxc2 50. Kxc2 bxc4 51. Kc3 Kh5 52. Kxc4 Kg4
53. Kb4 Kxf4 54. Kxa4 Nd2 55. b4 e3 56. b5 e2 57. Bf2 Ne4 58. Be1 Ke3 59. b6 f4
60. Kb5 {} 60... f3 61. b7 f2 62. Bxf2+ Kxf2 63. b8=Q e1=Q 64. Kc4 Qc3+ 65.
Kd5 Qd3+ 66. Ke6 Nxg5+ 67. Ke7 Qxa3+ 68. Ke8 Qe3+ 69. Kf8 Ne6+ 70. Kf7 g5 71.
Qh2+ Kf1 72. Qh1+ Kf2 73. Qh2+ Kf3 74. Qh1+ Kf4 75. Qh2+ Kf5 76. Qh7+ Kg4 77.
Qb1 Nd4 0-1

[Event "op"]
[Site "Oberwart"]
[Date "1997.07.05"]
[Round "1"]
[White "Burmakin, Vladimir"]
[Black "Hutter, Michael"]
[Result "1-0"]
[WhiteElo "2530"]
[BlackElo "1877"]
[PlyCount "59"]
[EventDate "1997.07.05"]

1. d4 Nf6 2. c4 g6 3. Nf3 Bg7 4. g3 d6 5. Bg2 O-O 6. O-O c5 7. d5 Na6 8. Nc3
Nc7 9. e4 a6 10. Re1 b5 11. e5 Ng4 12. Bf4 Rb8 13. h3 b4 14. exd6 exd6 15. Ne4
Ne5 16. Nxe5 dxe5 17. Bg5 f6 18. Be3 f5 19. Bg5 Qd7 20. Nxc5 Qd6 21. Nb3 e4 22.
Bf4 Qd8 23. Qd2 Bb7 24. Nc5 Qc8 25. Bxc7 Qxc7 26. Ne6 Qxc4 27. Nxf8 Kxf8 28.
Red1 Rd8 29. Rac1 Qb5 30. d6 {.} 1-0

[Event "op"]
[Site "Oberwart"]
[Date "1997.07.05"]
[Round "1"]
[White "Lichtenegger, Wolfram"]
[Black "Votava, Jan"]
[Result "0-1"]
[WhiteElo "1870"]
[BlackElo "2530"]
[PlyCount "86"]
[EventDate "1997.07.05"]

1. Nf3 d5 2. d4 Nf6 3. g3 g6 4. Bg2 Bg7 5. O-O O-O 6. b3 c6 7. Bb2 Ne4 8. Nbd2
Nd6 9. c4 Na6 10. cxd5 cxd5 11. Ne5 Nc7 12. Rc1 Bf5 13. Re1 Rc8 14. f3 f6 15.
e4 fxe5 {} 16. dxe5 dxe4 17. exd6 Bxb2 18. Rxc7 exf3 19. Nxf3 Rxc7 20. dxc7
Qxc7 21. Qe2 Bf6 22. Ne5 Rd8 23. g4 Bc8 24. h3 Kg7 25. Qe3 g5 26. h4 h6 27.
hxg5 hxg5 28. Qe4 Bxe5 29. Qxe5+ Qxe5 30. Rxe5 Kf6 31. Re2 b6 32. Bf3 Rd4 33.
Rg2 Rf4 34. Kf2 Rxf3+ 35. Kxf3 Bb7+ 36. Kg3 Bxg2 37. Kxg2 Ke5 38. Kf3 Kd4 39.
b4 e5 40. b5 Kd3 41. Kf2 Ke4 42. Ke2 Kf4 43. Kd3 e4+ 0-1

[Event "op"]

[Site "Oberwart"]
[Date "1997.07.05"]
[Round "1"]
[White "Agnos, Dimitri"]
[Black "Rohl, Alfred"]
[Result "1-0"]
[WhiteElo "2495"]
[BlackElo "1913"]
[PlyCount "85"]
[EventDate "1997.07.05"]

1. e4 c6 2. d4 d5 3. Nc3 dxe4 4. Nxe4 Nd7 5. Ng5 Ngf6 6. Bd3 h6 {} 7. Ne6 Qb6
8. Nf3 c5 9. Nxf8 Nxf8 10. h3 Bd7 11. dxc5 Qxc5 12. O-O Bc6 13. Be3 Qh5 14. Nd4
Qxd1 15. Raxd1 Bd7 16. Nf5 Ne6 17. Rfe1 b6 18. c4 Rc8 19. b3 Bc6 20. Bc1 Rc7
21. Ba3 g6 22. Nxe7 Rxe7 {} 23. Bb2 O-O 24. Bxf6 Rd7 25. Bc2 Rc8 26. Rxd7 Bxd7
27. Be4 b5 28. Bd5 bxc4 29. bxc4 Kf8 30. Rb1 a5 31. Rb7 Ke8 32. Ra7 a4 33. Be5
Nd8 34. Bd6 Ne6 35. g4 Nd8 36. f3 Ne6 37. h4 Nd8 38. Kf2 Ne6 39. Ke3 Nd8 40.
Kf4 Ne6+ 41. Ke5 Rd8 42. Kf6 Rc8 43. f4 1-0

[Event "op"]
[Site "Oberwart"]
[Date "1997.07.05"]
[Round "1"]
[White "Fuchs, Stefan"]
[Black "Stanec, Nikolaus"]
[Result "0-1"]
[WhiteElo "1842"]
[BlackElo "2460"]
[PlyCount "110"]
[EventDate "1997.07.05"]

1. e4 c5 2. Nf3 Nc6 3. b3 Nf6 4. Nc3 e6 5. Bb2 d5 6. exd5 exd5 7. Bb5 Be7 8.
O-O O-O 9. h3 Qc7 10. d4 a6 11. Be2 cxd4 12. Nxd4 Re8 13. Bf3 Nxd4 14. Qxd4 Be6
15. Nxd5 Bxd5 16. Bxd5 Bc5 17. Qc4 b5 18. Qc3 Rac8 19. Kh1 Qb6 20. Qg3 Re2 21.
Bxf6 Qxf6 22. Qf3 Qxf3 23. Bxf3 Rxc2 24. Rfc1 Bxf2 25. Rxc2 Rxc2 26. a4 g6 27.
Bb7 bxa4 28. bxa4 a5 29. Ba6 Bg3 30. Rf1 f5 31. Bd3 Rd2 32. Bb5 Kf7 33. Rf3 f4
34. Rd3 Ra2 35. Rd1 Kf6 36. Bd7 Ke5 37. Bc6 Rc2 38. Bb5 Rc3 39. Bd3 Ra3 40. Bb5
Ke4 41. Kg1 Ra2 42. Kh1 Kf5 43. Bd7+ Kg5 44. Kg1 Kh4 45. Rf1 g5 46. Rf3 Be1 47.
Rf1 Bd2 48. Kh1 Be3 49. Bb5 h5 50. Be8 g4 51. hxg4 hxg4 52. Kh2 f3 53. Bc6
Rxg2+ 54. Kh1 Kg3 55. Bxf3 Rh2# {} 0-1

[Event "op"]
[Site "Oberwart"]
[Date "1997.07.05"]
[Round "1"]
[White "Radonich, Lukas"]
[Black "Ruck, Robert"]
[Result "0-1"]
[WhiteElo "1829"]
[BlackElo "2450"]
[PlyCount "62"]
[EventDate "1997.07.??"]

1. d4 Nf6 2. f3 d5 3. g4 g6 4. e3 Bg7 5. Bd3 c5 6. c3 Nc6 7. g5 Nd7 8. f4 h6 9.
Qc2 hxg5 10. Bxg6 g4 11. Bf5 e6 12. Bd3 Qh4+ 13. Kf1 b6 14. Bd2 Bb7 15. Be1 Qe7
16. Na3 Rc8 17. Qd2 Na5 18. Qf2 Nc4 19. Nb1 Nf6 20. b3 Nd6 21. Nd2 cxd4 22.
cxd4 Rc3 23. Qe2 Qc7 24. Rd1 Nf5 25. h3 Ne4 26. Kg2 Kf8 27. Nxe4 dxe4 28. Bc4
Nxe3+ 29. Kg3 Nf5+ 30. Kxg4 Nh6+ 31. Kh5 Ng8+ {.} 0-1

[Event "op"]
[Site "Oberwart"]
[Date "1997.07.05"]
[Round "1"]
[White "Farago, Ivan"]
[Black "Bauer, Horst"]
[Result "1-0"]
[WhiteElo "2440"]
[BlackElo "1819"]
[PlyCount "63"]
[EventDate "1997.07.??"]

1. d4 Nf6 2. c4 e5 3. dxe5 Ne4 4. Nf3 Bb4+ 5. Nbd2 Nc6 6. g3 Qe7 7. Bg2 Nxe5 8.
O-O Nxd2 9. Nxd2 Bxd2 10. Qxd2 O-O 11. b3 d6 12. Bb2 a5 13. Rac1 Nc6 14. e3 Bd7
15. a3 b6 16. Rfd1 Rad8 17. h3 Nb8 18. Kh2 Bc6 19. Qd4 Qe5 20. Qxe5 dxe5 21.
Bxe5 Bxg2 {} 22. Rxd8 Rxd8 23. Bxc7 Rd2 24. Kxg2 Nd7 25. b4 axb4 26. axb4 f6
27. c5 bxc5 28. bxc5 Ne5 29. Bxe5 fxe5 30. c6 Rd8 31. c7 Rc8 32. Kf3 1-0

[Event "op"]
[Site "Oberwart"]
[Date "1997.07.05"]
[Round "1"]
[White "Danner, Georg"]
[Black "Volkmann, Friedrich"]
[Result "1-0"]
[WhiteElo "2430"]
[BlackElo "2380"]
[PlyCount "103"]
[EventDate "1997.07.??"]

1. d4 Nf6 2. c4 g6 3. Nc3 Bg7 4. Nf3 d5 5. cxd5 Nxd5 6. e4 Nxc3 7. bxc3 c5 8.
Rb1 O-O 9. Be2 cxd4 10. cxd4 Qa5+ 11. Qd2 Qxd2+ 12. Bxd2 b6 13. O-O Ba6 14.
Bxa6 Nxa6 15. Rfc1 Rfc8 16. Kf1 Kf8 17. Ke2 Ke8 18. Kd3 Kd7 19. g4 Rxc1 20.
Rxc1 Rc8 21. Rxc8 Kxc8 22. Ng5 f6 23. Nxh7 Kd7 {} 24. e5 fxe5 25. dxe5 Bxe5
26. h4 Bg7 27. Ng5 Nc5+ 28. Ke3 Bh6 29. Kd4 Bxg5 30. hxg5 Ke6 31. Bf4 Nd7 32.
Bc7 a6 33. a4 b5 34. a5 Nf8 35. Kc5 Kd7 36. Be5 Kc8 37. Kc6 Nd7 38. Bc3 e5 39.
f3 Kd8 40. Bb4 Kc8 41. Be7 e4 42. fxe4 Ne5+ 43. Kb6 Nd3 44. Kxa6 b4 45. Kb6 b3
46. Bf6 b2 47. Bxb2 Nxb2 48. a6 Nc4+ 49. Kc5 Ne5 50. Kd5 Nf7 51. e5 Nxg5 52. e6
1-0

[Event "op"]
[Site "Oberwart"]
[Date "1997.07.05"]
[Round "1"]
[White "Krumphals, Friedrich"]
[Black "Kiss, Attila"]
[Result "0-1"]
[WhiteElo "1818"]
[BlackElo "2425"]
[PlyCount "60"]
[EventDate "1997.07.??"]

1. c4 e5 2. g3 d5 3. cxd5 Qxd5 4. Nf3 Bb4 5. Bg2 e4 6. Ng1 Nf6 7. a3 Ba5 8. Nc3
Bxc3 9. bxc3 O-O 10. f3 Bf5 11. fxe4 Bxe4 12. Nf3 Nc6 13. O-O Ne5 14. Kh1 Bxf3
15. Bxf3 Nxf3 16. Rxf3 Ng4 17. Kg1 Qh5 18. h4 Rfe8 19. d4 Re4 20. Rb1 b6 21.
Qd3 Rae8 22. Rb5 Qg6 23. Rg5 Qe6 24. Rf4 Rxf4 25. Bxf4 h6 26. Rb5 Qa2 27. Be5
c6 28. Rb4 Qxa3 29. Qe4 Nxe5 30. dxe5 Qxc3 {.} 0-1

[Event "op"]
[Site "Oberwart"]
[Date "1997.07.05"]
[Round "1"]
[White "Mahdy, Khaled"]
[Black "Prem, Erich"]
[Result "1-0"]
[WhiteElo "2425"]
[BlackElo "1818"]
[PlyCount "71"]
[EventDate "1997.07.??"]

1. e4 e5 2. Nf3 Nf6 3. Nc3 Nc6 4. Bb5 d6 5. d4 exd4 6. Nxd4 Bd7 7. Bxc6 bxc6 8.
Qf3 Bg4 9. Qd3 Qd7 10. h3 Bh5 11. f4 c5 12. Nf5 Bg6 13. Ne3 h6 14. f5 Bh7 15.
O-O Be7 16. Ned5 Bd8 17. Qe3 Rg8 18. Qf3 c6 19. Ne3 Bc7 20. e5 d5 {} 21. exf6
O-O-O 22. Ne2 Rde8 23. c4 Re5 24. cxd5 cxd5 25. Rd1 d4 26. Nc4 Rxf5 27. Qa8+
Bb8 28. Bf4 Rxf4 29. Nxf4 gxf6 30. Rac1 Qc7 31. Rxd4 Rd8 32. Rxd8+ Kxd8 33. Re1
Bf5 34. Qd5+ Bd7 35. g3 Kc8 36. Re2 1-0

[Event "op"]
[Site "Oberwart"]
[Date "1997.07.05"]
[Round "1"]
[White "Karpatchev, Aleksandr"]
[Black "Wiater, Gottfried"]
[Result "1-0"]
[WhiteElo "2390"]
[BlackElo "1814"]
[PlyCount "47"]
[EventDate "1997.07.??"]

1. e4 e6 2. d4 d5 3. Nd2 Nf6 4. e5 Nfd7 5. Bd3 c5 6. c3 Nc6 7. Ndf3 a6 8. Ne2
cxd4 9. cxd4 Qa5+ 10. Bd2 Qb6 11. Bc3 Bb4 12. O-O h6 13. Nf4 Ne7 14. Nh5 O-O
15. Qd2 Bxc3 16. bxc3 Qc6 17. a4 Nb6 18. Rfc1 Nc4 19. Qf4 Nb2 20. Bb1 Nxa4 21.
Nxg7 Kxg7 22. Qf6+ Kg8 23. Qxe7 b5 24. Ng5 {} 1-0

[Event "op"]
[Site "Oberwart"]
[Date "1997.07.05"]
[Round "1"]
[White "Kunz, Konstantin"]
[Black "Wittmann, Walter"]
[Result "1-0"]
[WhiteElo "2295"]
[BlackElo "2390"]
[PlyCount "93"]
[EventDate "1997.07.??"]

1. d4 Nf6 2. c4 g6 3. f3 Bg7 4. e4 d6 5. Nc3 O-O 6. Nge2 a6 7. Ng3 Nbd7 8. Be2
c6 9. Be3 b5 10. Rc1 Bb7 11. a3 h5 12. O-O Rb8 13. Qd2 Nb6 14. b3 Nbd7 15. Rfd1
bxc4 16. bxc4 Qa5 17. Nf1 Rfe8 18. Qc2 c5 19. d5 Ba8 20. a4 Rb4 21. Bd2 Qb6 22.
a5 Qxa5 23. Na2 Qb6 24. Nxb4 cxb4+ 25. Be3 Nc5 26. Nd2 b3 27. Nxb3 Qxb3 28.
Bxc5 Qxc2 29. Rxc2 dxc5 30. Rb1 Nd7 31. Ra2 Nb8 32. Kf1 Bc3 33. Rb3 Be5 34. g3
f6 35. f4 Bc7 36. Bd3 Kg7 37. Bc2 h4 38. Re3 hxg3 39. hxg3 {} 39... e5 40. Rf3
Bb7 41. Ba4 Rh8 42. Rb2 Bc8 43. Rfb3 Bd6 44. Rb6 Bh3+ 45. Kg1 Bg4 46. Rxd6 Bf3
47. Rb7+ 1-0

[Event "op"]
[Site "Oberwart"]
[Date "1997.07.05"]
[Round "1"]
[White "Lendwai, Reinhard"]
[Black "Sziebert, Adam"]
[Result "1-0"]
[WhiteElo "2385"]
[BlackElo "2300"]
[PlyCount "91"]
[EventDate "1997.07.??"]

1. e4 c5 2. Nf3 d6 3. Bb5+ Nd7 4. O-O Ngf6 5. Re1 a6 6. Bf1 g6 7. c3 Bg7 8. d4
O-O 9. Bg5 b5 10. a4 Bb7 11. Nbd2 Qb6 12. h3 Rac8 13. axb5 axb5 14. Qb3 c4 15.
Qb4 Ra8 16. b3 Rxa1 17. Rxa1 cxb3 18. Bd3 Rc8 19. Qxb3 h6 20. Be3 d5 21. e5 Ne4
22. Nb1 Nb8 23. Ne1 f5 24. exf6 Nxf6 25. Bxg6 Nc6 26. Nd3 Na5 27. Qb4 Nc6 28.
Qb2 e6 29. Nc5 Na5 30. Rxa5 Rxc5 31. Qb4 Rc7 32. Rxb5 Qa7 33. Bf4 Bf8 34. Qb2
Rg7 35. Bxh6 Rc7 36. Bxf8 Kxf8 37. Nd2 Ba6 38. Rb8+ Kg7 39. Bb1 Bb7 40. Rd8 Qa5
41. Qc2 Ne4 42. Nxe4 dxe4 43. c4 Qg5 44. Rb8 Rf7 45. Qc3 Qf4 46. d5+ {} 1-0

[Event "op"]
[Site "Oberwart"]
[Date "1997.07.05"]
[Round "1"]
[White "Glaser, Gerhard"]
[Black "Baumegger, Siegfried"]
[Result "0-1"]
[WhiteElo "1806"]
[BlackElo "2360"]
[PlyCount "112"]
[EventDate "1997.07.??"]

1. e4 c5 2. Nf3 Nc6 3. d4 cxd4 4. Nxd4 Nf6 5. Nc3 d6 6. Be2 e6 7. Be3 Be7 8.
Qd2 a6 9. a4 Bd7 10. O-O O-O 11. f4 Qc7 12. Nb3 b6 13. Bf3 Rab8 14. Qf2 Rfe8
15. h3 Bf8 16. g4 Bc8 17. g5 Nd7 18. Bg2 Na5 19. Nxa5 bxa5 20. Rab1 Rb4 21.
Rfd1 Bb7 22. Rd3 g6 23. b3 Bg7 24. Na2 {} 24... Rxe4 25. Bxe4 Bxe4 26. Rd2 e5
27. Rbd1 d5 28. c3 Qc6 29. Rf1 Qe6 30. Qg3 exf4 31. Bxf4 Qb6+ 32. Qf2 Qe6 33.
Qg3 Ne5 34. Kh2 Nc6 35. Nc1 d4 36. cxd4 Nxd4 37. Rdf2 Rc8 38. Ne2 Nf5 39. Qg4
Qxb3 40. Ng3 Bd5 41. Nxf5 gxf5 42. Qd1 Qc4 43. Qc1 Bc3 44. Qc2 Be4 45. Qa2 Qd4
46. Bd2 Bb4 47. Qa1 Bd6+ 48. Bf4 Bxf4+ 49. Rxf4 Rc2+ 50. Kg3 Qe3+ 51. Kh4 Rh2
52. g6 hxg6 53. Qc1 Rxh3+ 54. Kg5 Qxc1 55. Rxc1 Kg7 56. Rff1 f6+ 0-1

[Event "op"]
[Site "Oberwart"]
[Date "1997.07.05"]
[Round "1"]
[White "Wais, Michael"]
[Black "Cuba, Jivan"]
[Result "1-0"]
[WhiteElo "2115"]
[BlackElo "1505"]
[PlyCount "33"]
[EventDate "1997.07.05"]

1. c4 e5 2. g3 Nf6 3. Bg2 d5 4. cxd5 Nxd5 5. Qb3 c6 6. Nc3 Ne7 7. Nf3 Qc7 8. d4
Be6 9. Qc2 Nd7 10. dxe5 Nxe5 11. Ng5 Bf5 12. e4 Bg6 13. Bf4 f6 {} 14. O-O-O
fxg5 15. Nb5 Qa5 16. Nd6+ Kd7 17. Nc4+ 1-0

[Event "op"]
[Site "Oberwart"]
[Date "1997.07.06"]
[Round "2"]
[White "Balinov, Ilia"]
[Black "Wadsack, Wolfgang"]
[Result "1-0"]
[WhiteElo "2570"]
[BlackElo "2165"]
[PlyCount "121"]
[EventDate "1997.07.06"]

1. e4 d5 2. exd5 Nf6 3. d4 Nxd5 4. Nf3 Bg4 5. h3 Bh5 6. Be2 e6 7. O-O Nc6 8. c4
Nb6 9. b3 Be7 10. Bb2 Bf6 11. Nbd2 Bg6 12. c5 Nd5 13. Nc4 O-O 14. Qd2 Be4 15.
Rad1 Re8 16. a3 a5 17. Rfe1 Qe7 18. Qc1 Rad8 19. Ncd2 Bg6 20. Bb5 Qf8 21. Ne4
Bxe4 22. Rxe4 Nde7 23. Bc3 Ra8 24. g3 Red8 25. Bc4 Nd5 26. Bb2 g6 27. h4 Bg7
28. Ree1 Nf6 29. Qc2 Ne7 30. Ng5 Ned5 31. Bf1 h6 32. Nf3 c6 33. Ne5 Nd7 34. Nc4
b6 35. cxb6 N7xb6 36. Bg2 a4 37. Nxb6 Nxb6 38. Qxc6 Rab8 39. b4 Rdc8 40. Qe4
Nc4 41. Bc1 Rb6 42. h5 g5 43. Bh3 f5 44. Qb1 Qf7 45. Bg2 Rd6 46. Qc2 Qd7 47. d5
e5 48. Qa2 e4 49. g4 Bc3 50. Re2 Rxd5 51. Rxd5 Qxd5 52. gxf5 Qd1+ 53. Bf1 Kg7
54. Qc2 Qxc2 55. Rxc2 Ne5 56. Bg2 Rc4 57. Rxc3 {} 57... Rxc3 58. Bb2 Rb3 59.
Bxe5+ Kf7 60. Bxe4 Rxa3 61. Bd5+ 1-0

[Event "op"]
[Site "Oberwart"]
[Date "1997.07.06"]
[Round "2"]
[White "Genser, Harald"]
[Black "Beim, Valeri"]
[Result "0-1"]
[WhiteElo "2175"]
[BlackElo "2555"]
[PlyCount "94"]
[EventDate "1997.07.06"]

1. e4 g6 2. d4 Bg7 3. c3 d6 4. Nf3 Nf6 5. Bd3 O-O 6. O-O Nbd7 7. Re1 e5 8. a4
a5 9. Na3 h6 10. h3 Re8 11. dxe5 dxe5 12. Be3 Qe7 13. Nc4 b6 14. Qb1 Nh5 15.
Ncd2 Rd8 16. Nb3 Nf8 17. Qc2 Ne6 18. Rad1 Nhf4 19. Bf1 Bb7 20. g3 Nh5 21. Bg2
Bc6 22. Rxd8+ Rxd8 23. Nbd2 Nc5 24. Ra1 Nf6 25. Ne1 Bb7 26. b3 Bf8 27. f3 Nh5
28. Kh2 Ba6 29. b4 axb4 30. cxb4 Ne6 31. b5 Bc8 32. Nb3 Qd7 33. h4 g5 34. hxg5
hxg5 35. Bh3 Be7 36. Rc1 Kg7 37. Kg1 Qd6 38. Kg2 Nd4 39. Nxd4 exd4 40. Bf2
Bxh3+ 41. Kxh3 Qh6 42. Kg2 Nf6 43. Qxc7 g4 44. fxg4 Rh8 45. Bxd4 Qh1+ 46. Kf2
Rh2+ 47. Ke3 Qxe4# {} 0-1

[Event "op"]
[Site "Oberwart"]
[Date "1997.07.06"]
[Round "2"]
[White "Loginov, Valery"]
[Black "Haselhorst, Helmut"]
[Result "1-0"]
[WhiteElo "2555"]
[BlackElo "2165"]
[PlyCount "97"]
[EventDate "1997.07.06"]

1. c4 Nf6 2. d4 g6 3. Nf3 Bg7 4. g3 O-O 5. Bg2 d6 6. O-O Nc6 7. Nc3 a6 8. Bg5
h6 9. Bd2 Rb8 10. Rc1 Bd7 11. d5 Na5 12. b3 c5 13. dxc6 Nxc6 14. Nd5 Kh7 15.
Bc3 Ne8 16. h4 b5 17. h5 g5 18. cxb5 axb5 19. Bxg7 Kxg7 20. Qd2 e6 21. Nc3 d5
22. e4 b4 23. exd5 Ne7 24. d6 bxc3 25. Qxc3+ Nf6 26. dxe7 Qxe7 27. Ne5 Bb5 28.
Rfe1 Kg8 29. Bf3 Rfc8 30. Qb2 Nh7 31. Ng4 Qf8 32. Qe5 Be8 33. Rxc8 Rxc8 34. Bb7
Rd8 35. Be4 Qg7 36. Qc7 Qd4 37. Nxh6+ Kg7 38. Ng4 Rd7 {} 39. h6+ Kf8 40. Qe5
f5 41. Bxf5 Qxe5 42. Nxe5 exf5 43. Nxd7+ Bxd7 44. a4 g4 45. Rc1 Kf7 46. Rc7 Nf6
47. a5 Kg6 48. a6 Be6 49. h7 1-0

[Event "op"]
[Site "Oberwart"]
[Date "1997.07.06"]
[Round "2"]
[White "Gneis, Karl"]
[Black "Cvitan, Ognjen"]
[Result "0-1"]
[WhiteElo "2165"]
[BlackElo "2550"]
[PlyCount "66"]
[EventDate "1997.07.06"]

1. c4 g6 2. Nc3 Bg7 3. g3 e5 4. Bg2 d6 5. d3 f5 6. Nf3 Nc6 7. O-O Nf6 8. Rb1 h6
9. h4 O-O 10. b4 Be6 11. Qc2 Qd7 12. b5 Ne7 13. a4 b6 14. Bb2 Rae8 15. e3 Nh7
16. Rbc1 Rf7 17. Ne2 g5 18. hxg5 hxg5 19. d4 f4 20. dxe5 g4 {} 21. Nxf4 gxf3
22. Bxf3 dxe5 23. Rfd1 Qc8 24. Nxe6 Qxe6 25. Bh5 Ref8 26. Bxf7+ Qxf7 27. Rd7
Qe6 28. Rxc7 Ng5 29. f4 exf4 30. exf4 Qe3+ 31. Kg2 Rd8 32. fxg5 Rd2+ 33. Kh3
Qe6+ {} 0-1

[Event "op"]
[Site "Oberwart"]
[Date "1997.07.06"]
[Round "2"]
[White "Kobalija, Mihail"]
[Black "Vodep, Otto"]
[Result "1-0"]
[WhiteElo "2545"]
[BlackElo "2155"]
[PlyCount "99"]
[EventDate "1997.07.06"]

1. e4 e5 2. Nf3 Nc6 3. Bc4 Be7 4. O-O Nf6 5. d3 O-O 6. Re1 d6 7. c3 Na5 8. Bb5
a6 9. Ba4 b5 10. Bc2 c5 11. d4 Qc7 12. h3 Nc6 13. dxc5 dxc5 14. Nbd2 Bb7 15.
Nh2 Rad8 16. Qf3 Na5 17. Ndf1 Nc4 18. Ng4 Nxg4 19. hxg4 Nd6 20. g5 f5 21. gxf6
Rxf6 22. Qh5 Nf7 23. Nh2 Bc8 24. Be3 c4 25. Rad1 Rfd6 26. Rxd6 Rxd6 27. Bd1 g6
28. Qe2 Rf6 29. Nf1 Bb7 30. Qc2 Bc5 31. f3 Ng5 32. Kh1 Ne6 33. Qf2 Kg7 34. Bc2
Bxe3 35. Nxe3 Nf4 36. Qh4 Rf7 37. Rd1 Bc8 38. Nd5 Qc5 39. Qg5 Ne2 40. Qxe5+ Kh6
41. Qh2+ Kg7 42. Qe5+ Kh6 43. Qh2+ Kg7 44. Rf1 Qf8 45. Qe5+ Kh6 46. Qh2+ Kg7
47. Qe5+ Kh6 48. Re1 Rxf3 {} 49. Rxe2 Rh3+ 50. Kg1 1-0

[Event "op"]
[Site "Oberwart"]
[Date "1997.07.06"]
[Round "2"]
[White "Krachler, Guenther"]
[Black "Burmakin, Vladimir"]
[Result "0-1"]
[WhiteElo "2160"]
[BlackElo "2530"]
[PlyCount "76"]
[EventDate "1997.07.06"]

1. e4 c6 2. c4 e5 3. Nf3 d6 4. d4 Nd7 5. Be2 Qc7 6. Nc3 Be7 7. O-O Nf8 8. Be3
Bg4 9. Qa4 Nd7 10. d5 Ngf6 11. Nd2 Bxe2 12. Nxe2 Ng4 13. Qa3 O-O 14. Ng3 g6 15.
f4 exf4 16. Bxf4 Qb6+ {} 17. c5 Qxc5+ 18. Qxc5 Nxc5 19. Nc4 Rfd8 20. Rad1 cxd5
21. exd5 f6 22. b4 Na6 23. Ne4 Ne5 24. Bxe5 fxe5 25. Na5 Rd7 26. a3 Rb8 27. Nc4
Rf8 28. g4 Rxf1+ 29. Rxf1 Nc7 30. Ne3 h6 31. Kg2 Kg7 32. Kg3 Nb5 33. a4 Nd4 34.
Nc4 Ne2+ 35. Kf3 Nf4 36. Rd1 Kf7 37. b5 Ke8 38. a5 Rd8 {Zeitueberschreitung.}
0-1

[Event "op"]
[Site "Oberwart"]
[Date "1997.07.06"]
[Round "2"]
[White "Votava, Jan"]
[Black "Nussbaumer, Josef"]
[Result "1-0"]
[WhiteElo "2530"]
[BlackElo "2150"]
[PlyCount "83"]
[EventDate "1997.07.06"]

1. c4 Nf6 2. Nc3 g6 3. g3 Bg7 4. Bg2 c6 5. e4 d6 6. d4 Nbd7 7. Nge2 Nb6 8. b3
O-O 9. O-O d5 10. e5 Ne8 11. cxd5 Nxd5 12. Nxd5 cxd5 13. Bf4 Nc7 14. Qd2 Re8
15. Rfe1 b6 16. Rac1 Ne6 17. Bh6 Bxh6 18. Qxh6 Ba6 19. Nc3 Nxd4 20. Qd2 Nf5 21.
Nxd5 Bb7 22. Rcd1 Bxd5 23. Bxd5 Rc8 24. Qf4 Qc7 25. g4 e6 26. gxf5 exd5 27. f6
Kh8 28. Qh6 Rg8 29. Rxd5 Qc3 30. Re3 Qc1+ 31. Kg2 g5 32. Qh5 Qc6 33. Qf3 g4 34.
Qe4 Qc2 35. Qxc2 Rxc2 36. Rd7 h5 37. Rxf7 Rd8 38. e6 Rdd2 39. e7 {} 39...
Rxf2+ 40. Kg3 h4+ 41. Kxh4 Rxh2+ 42. Kg5 1-0

[Event "op"]
[Site "Oberwart"]
[Date "1997.07.06"]
[Round "2"]
[White "Soponyai, Tamas"]
[Black "Agnos, Dimitri"]
[Result "0-1"]
[WhiteElo "2150"]
[BlackElo "2495"]
[PlyCount "68"]
[EventDate "1997.07.06"]

1. d4 Nf6 2. Nf3 g6 3. Bf4 Bg7 4. e3 d6 5. c4 c5 6. Be2 Nh5 7. Bg5 h6 8. Bh4 g5
9. Bg3 Nxg3 10. fxg3 g4 11. Nh4 cxd4 12. O-O h5 13. Kh1 Qb6 14. Qc2 Nc6 15. Ng6
Rh6 16. Nf4 e6 17. Nd2 dxe3 18. Ne4 Nd4 19. Qd3 Nf5 20. Rad1 Be5 21. c5 dxc5
22. Nxc5 Qc7 23. Rc1 Qa5 24. Rfd1 Kf8 25. b4 Qb6 26. Qe4 Bd6 27. Na4 Qd8 28. b5
Qe7 29. Rc2 h4 30. Bxg4 hxg3 31. h3 Rh4 32. Ne2 Nh6 33. Kg1 f5 34. Qd4 Nf7 {}
0-1

[Event "op"]
[Site "Oberwart"]
[Date "1997.07.06"]
[Round "2"]
[White "Vaulin, Alexander"]
[Black "Schieder, Andreas"]
[Result "1-0"]
[WhiteElo "2490"]
[BlackElo "2125"]
[PlyCount "139"]
[EventDate "1997.07.06"]

1. c4 g6 2. d4 Nf6 3. g3 Bg7 4. Bg2 O-O 5. Nf3 d6 6. O-O c5 7. d5 b5 8. cxb5 a6
9. Nc3 axb5 10. Nxb5 Ba6 11. Nc3 Nbd7 12. Qc2 Ra7 13. Rd1 Qa8 14. Nd2 Nb6 15.
e4 Ng4 16. Nf3 Rb8 17. b3 Be2 18. Re1 Bxf3 19. Bxf3 Ne5 20. Be2 c4 21. Bb2 Rc8
22. f4 Nd3 23. Bxd3 cxd3 24. Qxd3 Rac7 25. Rac1 Qa5 26. e5 dxe5 27. fxe5 Bh6
28. Rc2 Nxd5 29. Qxd5 Qxd5 30. Nxd5 Rxc2 31. Nxe7+ Kg7 32. Nxc8 Rxb2 33. Nd6
Rxa2 34. Rf1 Be3+ 35. Kh1 Ra7 36. b4 Re7 37. b5 Bd4 38. Re1 Bxe5 39. Nc4 f6 40.
Nxe5 fxe5 41. Kg2 Kf6 42. Rb1 Rb7 43. b6 Ke6 44. Kf3 Kd5 45. Ke3 Ke6 46. Ke4
Kd6 47. g4 Ke6 48. g5 Kd6 49. h4 Ke6 50. Rf1 {} 50... Re7 51. Rc1 Kd6 52. Rc7
Re8 53. Rxh7 Rf8 54. b7 Rf4+ 55. Ke3 Rb4 56. h5 gxh5 57. g6 Rb3+ 58. Ke4 Ke6
59. g7 Rb4+ 60. Kd3 Kf7 61. Rh8 Kxg7 62. b8=Q Rxb8 63. Rxb8 Kg6 64. Ke4 Kg5 65.
Kxe5 Kg4 66. Ke4 h4 67. Rg8+ Kh3 68. Kf3 Kh2 69. Rh8 h3 70. Kf2 1-0

[Event "op"]
[Site "Oberwart"]
[Date "1997.07.06"]
[Round "2"]
[White "Stanec, Nikolaus"]
[Black "Wais, Michael"]
[Result "1-0"]
[WhiteElo "2460"]
[BlackElo "2115"]
[PlyCount "41"]
[EventDate "1997.07.06"]

1. d4 c5 2. d5 f5 3. g3 Nf6 4. Bg2 e5 5. dxe6 d5 6. Nh3 Bxe6 7. Nf4 Qd6 8. c4
Bf7 9. Nxd5 Nxd5 10. cxd5 Nd7 11. Nc3 a6 12. O-O Nf6 13. Qd3 Qd7 14. e4 fxe4
15. Nxe4 O-O-O 16. Nxf6 gxf6 17. Rd1 Bh5 18. Bf3 Bg6 19. Qc3 Bd6 20. Be3 Kb8
21. b4 {.} 1-0